Borderline conditions and pathological narcissism

Αποθηκεύτηκε σε:
Λεπτομέρειες βιβλιογραφικής εγγραφής
Κύριος συγγραφέας: Kernberg, Otto F.
Μορφή: Βιβλίο
Γλώσσα:English
Δημοσίευση: London : Jason Aronson, 1992
Θέματα:
Ετικέτες: Προσθήκη ετικέτας
Δεν υπάρχουν, Καταχωρήστε ετικέτα πρώτοι!

MARC

LEADER 00000nam a2200000 i 4500
001 1/73941
008 970829s1992 eng d
020 |a 0-87668-177-1 
035 |a 1993  |b 2  |c Βιβλιοθήκη  |l 10031655 
040 |a GR-MY-UA  |b gre  |e aacr 
041 0 |a eng 
082 0 |a 616.89 
100 1 |a Kernberg, Otto F. 
245 1 0 |a Borderline conditions and pathological narcissism /  |c Otto F. Kernberg 
260 |a London :   |b Jason Aronson,   |c 1992 
300 |a 361 p. 
650 0 0 |a Borderline personality disorder. 
650 0 0 |a Narcissism. 
852 |a INST  |b RHODES  |e 19970829  |h 616.89 KER  |p 005400009717  |q 005400009717  |t BK  |y 0 
909 |a Ρ  |b 028770  |c 1993